Joueurs ayant joué au PSG sous l'ère QSI - Statistiques

Statistiques générales
  • Ce quiz a été pris 273 fois
  • Le résultat moyen est 81 sur 152
Statistiques - réponses
Poste Pays Numéro Année Réponse % Correct
Gardien Italie 99 2022 - Gianluigi Donnarumma
98%
Gardien Italie 1 2018 - 2019 Gianluigi Buffon
95%
Gardien Costa Rica 1 2019 - 2024 Keylor Navas
94%
Défenseur Brésil 5 2013 - Marquinhos
94%
Défenseur Brésil 2 2012 - 2020 Thiago Silva
93%
Défenseur Maroc 2 2021 - Achraf Hakimi
92%
Gardien France 16 2012 - 2022 Alphonse Areola
92%
Gardien Italie 30 2011 - 2017 Salvatore Sirigu
92%
Défenseur France 3 2014 - Presnel Kimpembe
90%
Milieu France 38 2023 - 2024 Ethan Mbappé
89%
Attaquant France 29 & 7 2017 - 2024 Kylian Mbappé
89%
Attaquant Brésil 10 2017 - 2023 Neymar Jr
89%
Défenseur Portugal 25 2021 - Nuno Mendes
89%
Défenseur Equateur 51 2024 - Willian Pacho
89%
Gardien Allemagne 16 2015 - 2019 Kevin Trapp
88%
Défenseur Espagne 4 2021 - 2023 Sergio Ramos
88%
Attaquant Portugal 9 2023 - Goncalo Ramos
87%
Attaquant Argentine 30 2021 - 2023 Lionel Messi
87%
Attaquant Uruguay 9 2013 - 2020 Edinson Cavani
86%
Attaquant Suède 10 2012 - 2016 Zlatan Ibrahimovic
86%
Milieu Italie 24 & 6 2012 - 2024 Marco Verratti
84%
Gardien Russie 39 2024 - Matvey Safonov
82%
Attaquant France 10 2023 - Oussmane Dembele
82%
Défenseur Belgique 12 2016 - 2020 Thomas Meunier
82%
Milieu Portugal 17 2022 - Vitinha
82%
Milieu France 14 2011 - 2017 Blaise Matuidi
81%
Milieu Espagne 8 2022 - Fabian Ruiz
81%
Attaquant Corée du Sud 19 2023 - Kang In Lee
81%
Attaquant Argentine 11 2015 - 2022 Angel Di Maria
80%
Milieu Portugal 87 2024 - Joao Neves
80%
Défenseur France 21 2023 - Lucas Hernandez
80%
Défenseur Brésil 17 2012 - 2017 Maxwell
80%
Défenseur Slovaquie 37 2023 - Milan Skriniar
80%
Milieu Italie 8 2012 - 2018 Thiago Motta
80%
Attaquant France 29 2023 - Bradley Barcola
79%
Milieu France 36 2020 - 2021 Kays Ruiz
78%
Milieu France 33 2023 - Warren Zaire-Emery
78%
Défenseur Brésil 32 2014 - 2016 David Luiz
77%
Milieu Sénégal 27 2019 - 2022 Idrissa Gueye
77%
Milieu Allemagne 23 2017 - 2023 Julian Draxler
76%
Attaquant France 17 2024 - Désiré Doué
75%
Milieu Argentine 27 & 10 2011 - 2018 Javier Pastore
75%
Défenseur Brésil 35 2024 - Lucas Beraldo
74%
Gardien Espagne 80 2023 - Arnau Tenas
73%
Défenseur Pays-Bas 23 2012 - 2016 Gregory Van der Wiel
73%
Milieu France 25 2012 - 2019 Adrien Rabiot
71%
Défenseur Portugal 15 2020 - 2024 Danilo Pereira
71%
Attaquant Argentine 22 2012 - 2016 Ezequiel Lavezzi
71%
Milieu Argentine 8 2018 - 2023 Leandro Paredes
71%
Défenseur Italie 24 2020 - 2021 Alessandro Florenzi
69%
Attaquant Géorgie 7 2025 - Kvicha Kvaratskhelia
69%
Milieu France 24 2023 - Senny Mayulu
69%
Défenseur Côte d'Ivoire 17 2014 - 2017 Serge Aurier
69%
Gardien Espagne 16 2019 - 2024 Sergio Rico
69%
Milieu Angleterre 32 2013 - 2013 David Beckham
68%
Défenseur Brésil 13 2017 - 2019 Dani Alves
67%
Milieu Uruguay 4 2023 - 2024 Manuel Ugarte
67%
Attaquant Argentine 18 2019 - 2022 Mauro Icardi
66%
Défenseur Brésil 13 2012 - 2014 Alex
65%
Défenseur Espagne 14 2020 - 2023 Juan Bernat
65%
Défenseur France 20 2015 - 2024 Layvin Kurzawa
65%
Gardien Pologne 30 2019 - 2022 Martin Bulka
65%
Attaquant Cameroun 17 2018 - 2020 Eric Choupo-Moting
63%
Milieu Pays-Bas 34 2020 - 2024 Xavi Simons
63%
Gardien France 16 2020 - 2024 Alexandre Letellier
62%
Milieu Pays-Bas 18 2021 - 2022 Georginio Wijnaldum
62%
Défenseur France 26 2009 - 2014 Christophe Jallet
61%
Attaquant Italie 18 2020 - 2021 Moise Kean
61%
Défenseur Sénegal 22 2019 - 2023 Abdou Diallo
60%
Milieu Pologne 23 2016 - 2019 Grzegorz Krychowiak
60%
Attaquant Bresil 29 2012 Lucas Moura
60%
Défenseur France 3 2007 -2013 Mamadou Sakho
60%
Défenseur Pays-Bas 25 2019 - 2021 Mitchel Bakker
59%
Attaquant Etats-Unis 33 2017 - 2019 Timothy Weah
59%
Attaquant France 49 2024 - Ibrahim Mbaye
58%
Gardien France 1 2011 - 2016 Nicolas Douchez
57%
Attaquant Espagne 22 2016 - 2020 Jésé
55%
Milieu Espagne 21 2019 - 2022 Ander Herrera
54%
Milieu Espagne 28 2022 - 2024 Carlos Soler
54%
Milieu Argentine 18 2016 - 2018 Giovanni Lo Celso
54%
Attaquant France 9 2008 - 2012 Guillaume Hoarau
54%
Attaquant France 23 2023 - Randal Kolo Muani
54%
Défenseur Allemagne 24 2018 - 2022 Thilo Kherer
54%
Attaquant Esapgne 19 2019 - 2021 Pablo Sarabia
53%
Milieu France 5 2013 - 2015 Yohan Cabaye
53%
Défenseur France 17 2018 - 2024 Colin Dagba
52%
Milieu France 20 2006 - 2015 Clément Chantôme
51%
Attaquant Portugal 15 2016 - 2017 Goncalo Guedes
51%
Attaquant France 7 2011 - 2014 Jérémy Menez
51%
Milieu Brésil 10 2010 - 2012 Nêne
51%
Attaquant France 11 2023 - Marco Asensio
50%
Attaquant France 21 2016 - 2018 Hatem Ben Arfa
49%
Attaquant France 44 2022 - 2024 Hugo Ekitike
48%
Défenseur France 43 2025 - Noham Kamara
48%
Défenseur Espagne 17 2017 - 2018 Yuri Berchiche
48%
Attaquant France 24 2015 - 2019 Christopher Nkunku
47%
Milieu France 19 2018 - 2019 Lassana Diarra
47%
Attaquant France 33 2012 - 2014 Kingsley Coman
46%
Milieu Portugal 8 2022 - (prêt) Renato Sanches
45%
Attaquant Turc 11 2009 - 2012 Melvut Erding
44%
Attaquant France 19 2011 - 2013 Kevin Gameiro
42%
Défenseur France 5 2007 - 2015 Zoumana Camara
42%
Milieu France 4 2015 - 2016 Benjamin Stambouli
41%
Défenseur France 21 2013 - 2016 Lucas Digne
41%
Attaquant France 35 2018 - 2019 Moussa Diaby
39%
Milieu Brésil 12 2020 - 2021 Rafinha
39%
Attaquant France 29 2014 - 2017 Jean-Kévin Augustin
38%
Défenseur Uruguay 15 2011 - 2013 Diego Lugano
36%
Défenseur France 26 2022 - Nordin Mukiele
36%
Milieu Italie 27 2023 - 2024 Cher Ndour
35%
Attaquant France 28 2011 - 2018 Jean-Christophe Bahebeck
34%
Défenseur France 22 2004 - 2013 Sylvain Armand
34%
Défenseur France 33 2019 - 2020 Tanguy Nianzou Kouassi
34%
Défenseur France 42 2023 - Yoram Zague
34%
Défenseur Serbie 4 2011 - 2012 Milan Bisevac
33%
Milieu France 38 2020 - 2024 Edouard Michut
32%
Milieu Mali 23 2011 - 2013 Mohamed Sissoko
32%
Milieu France 12 2010 - 2013 Matthieu Bodmer
31%
Défenseur France 48 2025 - Axel Tape
29%
Attaquant France 33 2013 - 2017 Hervin Ongenda
26%
Défenseur France 32 2020 - 2023 Timothée Pembele
26%
Défenseur France 31 2021 - 2023 El Chadaille Bitshiabu
25%
Défenseur Brésil 2 2007 - 2012 Marcos Ceara
25%
Défenseur Côte d'Ivoire 5 2010 - 2013 Siaka Tiéné
25%
Attaquant France 29 2020 - 2022 Arnaud Kalimuendo
23%
Milieu Espagne 20 2021 - 2024 Ismael Gharbi
22%
Gardien France 40 2011 - 2013 Ronan Le Crom
21%
Milieu France 13 2019 - 2020 Adil Aouchiche
20%
Attaquant France 14 2016 - 2017 Jordan Ikone
19%
Attaquant France 37 2022 - Ilyes Housni
18%
Défenseur France 36 2017 - 2019 Stanley Nsoki
18%
Milieu France 29 2017 - 2019 Yacine Adli
18%
Milieu France 28 2018 - 2019 Eric Dina Ebimbe
15%
Attaquant Haiti 21 2008 - 2014 Jean-Eudes Maurice
15%
Attaquant Turc 33 2018 - 2019 Metehan Guclu
15%
Défenseur France 34 2016 - 2019 Alec Georgen
13%
Défenseur France 37 2019 - 2020 Arthur Zagre
13%
Milieu France 34 2016 - 2018 Lorenzo Callegari
12%
Milieu France 33 2018 - 2019 Antoine Bernede
10%
Défenseur France 34 2019 - 2020 Loic Mbe Soh
10%
Milieu France 33 2020 - 2022 Bandiougou Fadiga
9%
Défenseur France 33 2012 - 2014 Antoine Conte
6%
Défenseur Guyane 12 2015 - 2019 Kevin Rimane
6%
Milieu France 33 2011 - 2012 Neeskens Kebano
6%
Attaquant Mauritanie 33 2021 - 2022 Djeidi Gassama
5%
Attaquant France 39 2020 - 2023 Kenny Nagera
5%
Defenseur France 39 2021 - 2022 Nathan Bitumazala
5%
Milieu France 36 2022 - Ayman Kari
4%
Attaquant France 36 2015 - 2016 Timothée Taufflieb
3%
Attaquant Guinée 33 2021 - 2022 Sekou Yansane
2%
Milieu France 45 2015 - 2016 Yakou Méité
2%
Attaquant Côte d'Ivoire 34 2014 - 2015 Jérémi Kimmakon
1%
Aucun quiz correspondant
Distribution des résultats
% des personnes avec chaque résultat
Percentile par nombre de réponses
Votre historique - résultats
Vous n’avez pas pris ce quiz